Bring in a specialist or do it yourself? (Record no. 66881)

MARC details
000 -LEADER
fixed length control field 00832cam a2200205 4500
001 - CONTROL NUMBER
control field ABS63846
008 - FIXED-LENGTH DATA ELEMENTS--GENERAL INFORMATION
fixed length control field 000000n2001 000 0 eng u
035 ## - SYSTEM CONTROL NUMBER
System control number (Sirsi) u112383
100 ## - MAIN ENTRY--PERSONAL NAME
Personal name Elis, R.
245 ## - TITLE STATEMENT
Title Bring in a specialist or do it yourself?
260 ## - PUBLICATION, DISTRIBUTION, ETC.
Date of publication, distribution, etc. 2001
490 ## - SERIES STATEMENT
Series statement Estates Gazette
Volume/sequential designation (0016) 21 April 2001, 139(2)
520 ## - SUMMARY, ETC.
Summary, etc. Considers the options available to landowners who are thinking about promoting a development site. Lists the common objectives and discusses whether landowner promotion, builder/developer option or promotion agreement is the best way forward. With tables showing which building option yields the most money.
590 ## - LOCAL NOTE (RLIN)
Local note ABS
650 ## - SUBJECT ADDED ENTRY--TOPICAL TERM
Topical term or geographic name entry element LANDOWNER
650 ## - SUBJECT ADDED ENTRY--TOPICAL TERM
Topical term or geographic name entry element BUILDING CONTRACTOR
650 ## - SUBJECT ADDED ENTRY--TOPICAL TERM
Topical term or geographic name entry element PROMOTION AGREEMENT
690 ## - LOCAL SUBJECT ADDED ENTRY--TOPICAL TERM (OCLC, RLIN)
Topical term or geographic name as entry element PROPERTY-PROPERTY DEVELOPMENT
942 ## - ADDED ENTRY ELEMENTS (KOHA)
Suppress in OPAC 0
Holdings
Withdrawn status Lost status Source of classification or shelving scheme Damaged status Not for loan Home library Current library Shelving location Date acquired Total Checkouts Full call number Barcode Date last seen Copy number Price effective from Koha item type
    Dewey Decimal Classification     London London Journal article 02/05/2001   ABS63846 112383-1001 06/08/2019 1 06/08/2019 Journal article